| Record ID | marc_records_scriblio_net/part29.dat:15218071:702 |
| Source | Scriblio |
| Download Link | /show-records/marc_records_scriblio_net/part29.dat:15218071:702?format=raw |
LEADER: 00702cam 22002291 4500
001 sa 68015903 //r92
003 DLC
005 19921207135608.0
008 700706s1962 ii a 000 0 eng
010 $asa 68015903 //r92
025 $aPL480:I-E-8009
040 $aDLC$cDLC$dDLC
043 $aa-ii---
050 00 $aQ185$b.I48
110 10 $aIndia (Republic).$bCommittee on Plan Projects.
245 10 $aReport on science laboratories and equipment in high/higher secondary schools.
260 1 $aNew Delhi,$c1962.
300 $a42 p.$billus.$c25 cm.
350 $aunpriced
500 $aCover title.
650 0 $aLaboratories$xEquipment and supplies.
650 0 $aScience$xStudy and teaching (Secondary)$zIndia.